000 00652nam a2200205Ii 4500
003 JO-AjNU
008 230605s9999||||xx |||||||||||||| ||und||
040 _aJO-AjNU
_bara
_erda
_cJO-AjNU
041 _aara
050 1 4 _aKMP97.T336.1969
100 3 _aطه، مصطفى كمال,
_eauthor
_946381
245 0 0 _aالقانون التجاري اللبناني
250 _aط1
264 3 1 _aبيروت : دار النهضة العربية ، 1969
300 _a805ص
336 _atext
_btxt
_2rdacontent
337 _aunmediated
_bn
_2rdamedia
338 _avolume
_bnc
_2rdacarrier
650 4 _aالقانون التجاري -- لبنان
_946382
999 _aA20172
_c23740
_d23740